000 00753nam a2200193Ia 4500
008 151121s9999||||xx |||||||||||||| ||und||
082 _a910/ देसाई
082 _bHNW-70767
100 _aदेसाई जयश्री
245 _aशापित सौंदर्यभूमी पूर्वांचल
260 _b"चंद्रकला प्रकाशन, पुणे।"
260 _c--
300 _a127
600 _aदेसाई जयश्री
630 _aशापित सौंदर्यभूमी पूर्वांचल
700 _aदेसाई जयश्री
730 _aशापित सौंदर्यभूमी पूर्वांचल
942 _cBOOK
999 _c1252240
_d1252237